| Поле | Название | Значение |
| |
Тип записи |
a |
| |
Библиографический уровень |
m |
| 001 |
Контрольный номер |
RU\infra-m\znanium\bibl\2227796 |
| 005 |
Дата корректировки |
20260429142110.4 |
| 008 |
Кодируемые данные |
250929s2025 RU g rus u |
| 020 |
Индекс ISBN |
__ |
| a |
ISBN |
978-5-7972-3282-7 |
| 040 |
Источник каталогиз. |
__ |
| a |
Служба первич. каталог. |
Общество с ограниченной ответственностью «ЗНАНИУМ» |
| 041 |
Код языка издания |
__ |
| a |
Код языка текста |
rus |
| 044 |
Код страны публикации |
__ |
| a |
Код страны публикации |
RU |
| 080 |
Индекс УДК |
__ |
| a |
Индекс УДК |
10 |
| 084 |
Индекс другой классификации/Индекс ББК |
__ |
| 2 |
Источник индекса |
rubbk |
| a |
Индекс другой классификации/Индекс ББК |
873 |
| 084 |
Индекс другой классификации/Индекс ББК |
__ |
| 2 |
Источник индекса |
okso |
| a |
Индекс другой классификации/Индекс ББК |
38.03.01 |
| 084 |
Индекс другой классификации/Индекс ББК |
__ |
| 2 |
Источник индекса |
okso |
| a |
Индекс другой классификации/Индекс ББК |
38.03.06 |
| 084 |
Индекс другой классификации/Индекс ББК |
__ |
| 2 |
Источник индекса |
okso |
| a |
Индекс другой классификации/Индекс ББК |
40.03.01 |
| 100 |
Автор |
__ |
| a |
Автор |
Плотникова Т.В. |
| q |
Полное имя |
Плотникова Татьяна Валериевна |
| u |
Дополнение |
Ростовский государственный экономический университет (РИНХ) |
| 245 |
Заглавие |
__ |
| a |
Заглавие |
Философия |
| b |
Продолж. заглавия |
Монография |
| c |
Ответственность |
Ростовский государственный экономический университет (РИНХ) |
| 250 |
Сведения об издании |
__ |
| a |
Основные сведения об издании |
1 |
| 260 |
Выходные данные |
__ |
| a |
Место издания |
Ростов-на-Дону |
| b |
Издательство |
Ростовский Государственный Экономический Университет (РГЭУ, бывший РИНХ) |
| c |
Дата издания |
2024 |
| 300 |
Физическое описание |
__ |
| a |
Объем |
400 с. |
| 520 |
Аннотация |
__ |
| a |
Аннотация |
Учебно-методическое пособие по дисциплине «Философия» охватывает теоретические и методологические аспекты развития философского знания раскрывает специфику основных этапов развития философии от древних времен до современности. Пособие поможет обучающимся по программам бакалавриата понять генезис философских проблем акцентировать внимание на пересечениях философии с социально-гуманитарными и экономическими дисциплинами. Данное пособие призвано помочь обучающемуся успешно освоить курс философии. В нем приводятся тематический план лекционных и семинарских занятий разноуровневые задания тестовые задания для самопроверки примерные вопросы для промежуточной аттестации краткий конспект по темам курса словарь терминов (глоссарий) и перечни основной и дополнительной рекомендуемой литературы. Предназначено для студентов обучающихся по федеральным государственным образовательным стандартам третьего поколения по направлениям подготовки 38.03.01 «Экономика» 38.03.06 «Торговое дело» 40.03.01 «Юриспруденция» (для всех форм обучения) а также по другим образовательным программам. |
| 521 |
Примеч. о цел. назн. |
__ |
| a |
Примеч. о целев. назн. |
ВО - Бакалавриат |
| 650 |
Тематические рубрики |
__ |
| a |
Основная рубрика |
Философия |
| x |
Основная подрубрика |
Общая философия |
| 655 |
Указ. предметных рубрик (устаревшее) |
__ |
| a |
Жанр/ форма (устаревшее) |
Монография |
| 700 |
Другие авторы |
__ |
| a |
Другие авторы |
Дмитриева В.Д. |
| q |
Полное имя |
Дмитриева Валерия Дмитриевна |
| u |
Дополнение |
Ростовский государственный экономический университет (РИНХ) |
| 856 |
Электронный адрес документа |
4_ |
| a |
Имя сервера/домена |
znanium.ru |
| m |
Помощь |
ebs_support@infra-m.ru |
| n |
Местонахождение сервера |
НИЦ ИНФРА-М |
| u |
URL |
https://znanium.ru/catalog/document?id=470669 |
| 856 |
Электронный адрес документа |
48 |
| a |
Имя сервера/домена |
znanium.ru |
| d |
Путь |
/cover/2227 |
| f |
Электронное имя |
2227796.jpg |
| q |
Тип электронного формата |
image/jpeg |
| u |
URL |
https://znanium.ru/cover/2227/2227796.jpg |
| 911 |
|
__ |
| u |
|
0030=https://znanium.ru/catalog/document?id=470669 |